<?xml version="1.0" encoding="UTF-8"?>
<collection xmlns="http://www.loc.gov/MARC21/slim">
 <record>
  <leader>02487naa a2200241 i 4500</leader>
  <controlfield tag="001">acta32833</controlfield>
  <controlfield tag="005">20220210110046.0</controlfield>
  <controlfield tag="008">161017s2013    hu      o     0||   hun d</controlfield>
  <datafield tag="022" ind1=" " ind2=" ">
   <subfield code="a">1588-8533</subfield>
  </datafield>
  <datafield tag="040" ind1=" " ind2=" ">
   <subfield code="a">SZTE Egyetemi Kiadványok Repozitórium</subfield>
   <subfield code="b">hun</subfield>
  </datafield>
  <datafield tag="041" ind1=" " ind2=" ">
   <subfield code="a">hun</subfield>
  </datafield>
  <datafield tag="100" ind1="1" ind2=" ">
   <subfield code="a">Makra Zsolt</subfield>
  </datafield>
  <datafield tag="245" ind1="1" ind2="3">
   <subfield code="a">Az egyetemi spin-off vállalkozások jellegzetességei és alapításának folyamata a nemzetközi szakirodalom tükrében</subfield>
   <subfield code="h">[elektronikus dokumentum] /</subfield>
   <subfield code="c"> Makra Zsolt</subfield>
  </datafield>
  <datafield tag="260" ind1=" " ind2=" ">
   <subfield code="c">2013</subfield>
  </datafield>
  <datafield tag="300" ind1=" " ind2=" ">
   <subfield code="a">57-70</subfield>
  </datafield>
  <datafield tag="490" ind1="0" ind2=" ">
   <subfield code="a">SZTE Gazdaságtudományi Kar közleményei</subfield>
  </datafield>
  <datafield tag="490" ind1="0" ind2=" ">
   <subfield code="a">Innovációs rendszerek : szereplők, kapcsolatok és intézmények</subfield>
  </datafield>
  <datafield tag="520" ind1="3" ind2=" ">
   <subfield code="a">Az Egyesült Államok és néhány fejlett ország egyetemén elért kimagasló eredményeknek köszönhetően az egyetemi spin-off cégek világszerte a politikusok és a tudósok érdeklődésének kereszttüzébe kerültek. A téma Magyarországon a 2004. évi innovációs törvény megszületésével vált igazán aktuálissá. Jelen tanulmány a hazai egyetemi spin-off vállalatokról szóló átfogó, több egyetemre kiterjedő kutatás részeként, annak megalapozásaként készült. A dolgozat célja bemutatni, hogy a szakirodalom mit ért egyetemi spin-off cég alatt, hogyan lehet a szerteágazó és gyakran ellentmondásos definíciókat rendszerbe foglalni, szintetizálni. Emellett bemutatja e vállalkozások létrejöttének, „kipörgésének” folyamatát és ismerteti a folyamatot magyarázó elméleteket. Due to the successes of the top universities in the USA and other developed countries, increased attention has been paid to university spin-off companies by policy makers and scientists worldwide. In Hungary the issue bacame timely as a consequence of the 2004 innovation law. Present paper was prepared as theoretical underlying part of a comprehensive research project on Hungarian university spinoff companies, covering several universities. The paper aims to define university spin-offs and syntethize the diversified and often controversial definitions based on the literature. In addition, the study describes the spin-off process and the theories explaining it.</subfield>
  </datafield>
  <datafield tag="650" ind1=" " ind2="4">
   <subfield code="a">Társadalomtudományok</subfield>
  </datafield>
  <datafield tag="650" ind1=" " ind2="4">
   <subfield code="a">Közgazdasági és gazdálkodástudományok</subfield>
  </datafield>
  <datafield tag="695" ind1=" " ind2=" ">
   <subfield code="a">Vállalkozás - vezetés</subfield>
  </datafield>
  <datafield tag="710" ind1=" " ind2=" ">
   <subfield code="a">Innovációs rendszerek: elmélet, politikák és mikroszereplők (2012) (Szeged)</subfield>
  </datafield>
  <datafield tag="856" ind1="4" ind2="0">
   <subfield code="u">http://acta.bibl.u-szeged.hu/32833/1/gtk_2013_057-070.pdf</subfield>
   <subfield code="z">Dokumentum-elérés </subfield>
  </datafield>
 </record>
</collection>
